00397nam a2200157Ia 4500003000400000008004100004040001600045082001300061100001700074245004700091260003000138300001000168490002400178650001500202650002200217GCL140319s9999 xx 000 0 eng d aGCL / cGCL04a843bA C1 aAYME, MARCEL10aLES CONTES DU CHAT PERCHE / cAYME, MARCEL a[S.N] : bFOLIO ، c1995 a377 P aCOLLECTION FOLIOv004aLITERATURE04aFRENCH LITERATURE